00612 2200229 4500001002100000005001500021035002000036007000300056008004100059020002200100082001000122084001600132100001700148245004900165250002600214260003100240300004700271650002000318700001600338700001200354990001600366INLIS00000000000003620220514095254 a0010-0522000018ta220514 b 0 ind  a978-602-434-136-7 a372.2 a372.2 IRE p0 aIrene M.J.A.1 aPengalamanku 1e Edisi Revisi /cIrene M.J.A. aKurikulum 2013 Revisi aJakarta :bErlangga,c2016 a110 halaman :bilustrasi berwarna ;c26 cm 4aTematik Terpadu0 aDwi Tyas K.0 aWini K. a00000000037